Introducción a la literatura medieval

Gespeichert in:
Bibliographische Detailangaben
1. Verfasser: López Estrada, Francisco
Format: Buch
Sprache:Undetermined
Veröffentlicht: Madrid, España Gredos 1966
Ausgabe:3
Schlagworte:
Tags: Tag hinzufügen
Keine Tags, Fügen Sie den ersten Tag hinzu!

MARC

LEADER 00000nam a2200000Ia 4500
008 170316s9999 xx 000 0 und d
090 |a H-862 L-1i 
100 |a López Estrada, Francisco 
245 |a Introducción a la literatura medieval 
250 |a 3 
260 |a Madrid, España 
260 |b Gredos 
260 |c 1966 
300 |a 342 páginas 
650 |a LITERATURA ESPAÑOLA 
650 |a HISTORIA 
999 |c 29038  |d 29038 
040 |a cru BVZT 
942 |c 15 D  |h H-862 L-1i  |2 z